000 nam a22 a 4500
999 _c912
_d912
003 AKMAL
005 20170505165141.0
008 170505s1980 my f00 may d
020 _a9830420035:
_cRM 37.00
040 _aAKMAL
082 0 4 _a297.12259928 TAF
090 0 0 _a297.12259928
_bTAF
245 0 0 _aTafsir pimpinan Ar. Rahman kepada pengertian Al-Quran (30 juz) /
_cditerjemah serta diberi penjelasan oleh Sheikh Abdullah Basmeih
260 _aKuala Lumpur :
_bBahagian Hal Ehwal Islam, Jabatan Perdana Menteri,
_c1994
300 0 0 _axiv, 1512ms. ;
_c27cm
500 _aTeks dalam skrip jawi
504 _aBibliografi: ms.xiii
521 _aPeringkat pembaca: Dewasa
650 0 _aQur'an
_xTranslating
_91813
700 0 _aAbdullah Basmeh
_91951
942 _2ddc
_cBOOK